MARC details
| 000 -LEADER |
| campo de control de longitud fija |
02053nam a2200481 i 4500 |
| 001 - NÚMERO DE CONTROL |
| campo de control |
193109 |
| 003 - IDENTIFICADOR DE NÚMERO DE CONTROL |
| campo de control |
ES-MaACL |
| 005 - FECHA Y HORA DE LA ÚLTIMA TRANSACCIÓN |
| campo de control |
20250801145726.0 |
| 007 - CAMPO FIJO DE DESCRIPCIÓN FÍSICA--INFORMACIÓN GENERAL |
| campo de control de longitud fija |
ta |
| 008 - DATOS DE LONGITUD FIJA--INFORMACIÓN GENERAL |
| campo de control de longitud fija |
230728s1999 sp ||||| |000 0|spa c |
| 017 ## - NÚMERO DE COPYRIGHT O DE DEPÓSITO LEGAL |
| Número de copyright o de depósito legal |
DL M 16989-1999 |
| 020 ## - NÚMERO INTERNACIONAL ESTÁNDAR DEL LIBRO |
| Número Internacional Estándar del Libro |
8487715788 |
| 035 ## - NÚMERO DE CONTROL DEL SISTEMA |
| Número de control de sistema |
(ES-BaCBU).b25768888 |
| 035 ## - NÚMERO DE CONTROL DEL SISTEMA |
| Número de control de sistema |
(OCoLC)807206352 |
| 035 ## - NÚMERO DE CONTROL DEL SISTEMA |
| Número de control de sistema |
991003688409706706 |
| 040 ## - FUENTE DE CATALOGACIÓN |
| Centro catalogador/agencia de origen |
ES-BaCBU |
| Lengua de catalogación |
cat |
| Centro/agencia transcriptor |
ES-BaCBU |
| Centro/agencia modificador |
ES-BaBC |
| Normas de descripción |
Es-MaACL |
| 080 ## - NÚMERO DE LA CLASIFICACIÓN DECIMAL UNIVERSAL |
| Número de la Clasificación Decimal Universal |
821.111 |
| Subdivisión auxiliar común |
(73)-1 |
| -- |
"19".09 |
| Identificador de la edición |
2004 |
| 080 ## - NÚMERO DE LA CLASIFICACIÓN DECIMAL UNIVERSAL |
| Número de la Clasificación Decimal Universal |
821.111 |
| Subdivisión auxiliar común |
(71)-1 |
| -- |
"19".09 |
| Identificador de la edición |
2004 |
| 080 ## - NÚMERO DE LA CLASIFICACIÓN DECIMAL UNIVERSAL |
| Número de la Clasificación Decimal Universal |
82 |
| Subdivisión auxiliar común |
-051 |
| -- |
-055.2 |
| -- |
(73) |
| Identificador de la edición |
22004 |
| 080 ## - NÚMERO DE LA CLASIFICACIÓN DECIMAL UNIVERSAL |
| Número de la Clasificación Decimal Universal |
82 |
| Subdivisión auxiliar común |
-051 |
| -- |
-055.2 |
| -- |
(71) |
| Identificador de la edición |
22004 |
| 090 ## - LOCALMENTE ASIGNADO TIPO-LC NÚMERO DE CLASIFICACIÓN (OCLC); NÚMERO DE CLASIFICACIÓN LOCAL (RLIN) |
| Número de clasificación (OCLC) (R) ; Numero de clasificación, CALL (RLIN) (NR) |
PS151 |
| Número cutter local (OCLC) ; Número de libro/Signatura topográfica íntegra, CALL (RLIN) |
.D46 1999 |
| 245 00 - MENCIÓN DEL TÍTULO |
| Título |
De mujeres, identidades y poesía : |
| Resto del título |
poetas contemporáneas de Estados Unidos y Canadá / |
| Mención de responsabilidad, etc. |
[editado por] Rosa García Rayego, Esther Sánchez-Pardo ; textos de Rosa García Rayego ... [et al.] |
| 260 ## - PUBLICACIÓN, DISTRIBUCIÓN, ETC. |
| Lugar de publicación, distribución, etc. |
Madrid : |
| Nombre del editor, distribuidor, etc. |
Horas y Horas, |
| Fecha de publicación, distribución, etc. |
cop. 1999 |
| 300 ## - DESCRIPCIÓN FÍSICA |
| Extensión |
224 p. ; |
| Dimensiones |
21 cm |
| 336 ## - TIPO DE CONTENIDO |
| Fuente |
rdacontent |
| Término de tipo de contenido |
Texto |
| 337 ## - TIPO DE MEDIO |
| Fuente |
rdamedia |
| Nombre/término del tipo de medio |
sin mediación |
| 338 ## - TIPO DE SOPORTE |
| Fuente |
rdacarrier |
| Nombre/término del tipo de soporte |
volumen |
| 490 1# - MENCIÓN DE SERIE |
| Mención de serie |
Cuadernos inacabados ; |
| Designación de volumen o secuencia |
33 |
| 500 ## - NOTA GENERAL |
| Nota general |
Conferencias del ciclo "Feminismo y literatura: poetas en lengua inglesa, siglo XX", celebrado en Madrid el año 1998 y organizado por el Instituto de Investigaciones Feministas de la Universidad Complutense de Madrid. |
| 500 ## - NOTA GENERAL |
| Nota general |
Catalogación provisional. Signatura: N 8595. Depósito J. |
| 650 #7 - PUNTO DE ACCESO ADICIONAL DE MATERIA--TÉRMINO DE MATERIA |
| Término de materia o nombre geográfico como elemento de entrada |
Mujeres y literatura |
| Fuente del encabezamiento o término |
embne |
| 9 (RLIN) |
143612 |
| 700 1# - ENTRADA AGREGADA--NOMBRE PERSONAL |
| Nombre de persona |
García Rayego, Rosa, |
| Fechas asociadas al nombre |
1953- |
| 9 (RLIN) |
233963 |
| 700 0# - ENTRADA AGREGADA--NOMBRE PERSONAL |
| Nombre de persona |
Sánchez-Pardo González, Esther |
| 9 (RLIN) |
102829 |
| 830 ## - PUNTO DE ACCESO ADICIONAL DE SERIE-TÍTULO UNIFORME |
| Título uniforme |
Cuadernos inacabados ; |
| Designación de volumen o secuencia |
33 |
| 9 (RLIN) |
228380 |
| 852 ## - LOCALIZACIÓN |
| Ubicación |
ES-MaACL |
| itemnumber |
200420 |
| Sublocalización o colección |
R.153363 |
| Número de control de estantería |
N-8595 |
| Ubicación en estantería |
Depósito J |
| Donativo/Legado |
Donación: Juan Carlos Peira |
| Nota libre |
En proceso |
| 903 ## - NOMBRE PERSONAL DE DONANTE |
| 9 |
233847 |
| a |
Peira, Juan Carlos |
| e |
Donante |
| 908 ## - COLOCAR PARÁMETRO DE COMANDO (RLIN) |
| Colocar parámetro de comando |
URV |
| -- |
ANC |
| -- |
BC |
| -- |
ICD |
| 942 ## - ELEMENTOS DE ENTRADA SECUNDARIOS (KOHA) |
| Suprimir en OPAC |
No |
| Tipo de ítem Koha |
Libro impreso |